000 00339nam a2200157Ia 4500
005 20250425161122.0
008 250425s9999 xx 000 0 und d
041 _aspa
082 _a530.028
245 0 _aFISICA EXPERIMENTAL
250 _aS.E.
260 _aS.L.
260 _aSin Pais
_bCENC
_c1960
942 _c01
010 _a13089
999 _c202800
_d202800